000
00320nam a2200109Ia 4500
008
200302s9999 xx 000 0 und d
100
_a
Author
245
_a
Treasures of the world- A complete guide to the UNESCO World heritage sites
260
_b
UNESCO Publishings, Harper Collins London
260
_c
2011
300
_a
856
999
_c
4529
_d
4529